| 000 | 01148nam a2200289 a 4500 | ||
|---|---|---|---|
| 001 | vtls001803191 | ||
| 003 | NLI | ||
| 005 | 20210629045717.0 | ||
| 008 | 140215s1926 enkaef 000 0 eng | ||
| 039 | 9 |
_y201402152259 _zVLOAD |
|
| 040 |
_a NLI _b eng _c Entertech IMP - 2013 _e AACR2 |
||
| 041 | 1 |
_aeng _h. |
|
| 044 | _aenk | ||
| 082 | _a137 | ||
| 100 | 1 |
_aSpiers, Richard Phene, _d1838-1916 _91140206 |
|
| 245 | 1 | 4 |
_aThe orders of architecture, Greek, Roman, and italian : _ba selection of examples from Normands " parallel" and other authorities, with notes on the origin and development of classic orders and descriptions of the plates / _cRichard Phene Spiers |
| 250 | _a5th rev. enl. ed. | ||
| 260 |
_aLondon : _bB. T. Batsford, _c[1926]] |
||
| 300 |
_a4 p.1., 20 p. : _b11., front., ill., plates., plan. ; _c38 cm. |
||
| 500 | _aA short list of selected reference works, containing illustrations of the order as employed in ancient buildings | ||
| 650 | 0 |
_aScientists _xBiography _9690449 |
|
| 887 | _a | ||
| 901 | _aIMP44863 | ||
| 902 | _a137 C. 108 | ||
| 949 |
_AVIRTUAITEM _D10000 _X100 _6IMP000044863ENG |
||
| 942 |
_2ddc _cBKS |
||
| 999 |
_c1237263 _d1237263 |
||